000 00251nam a2200097Ia 4500
001 805685
005 20250826171157.0
008 250824s9999 xx 000 0 und d
245 0 _aBÜTÜN ŞİİRLERİ
_cAHMET HAMDİ TANPINAR
260 _bDERGAH YAYINLARI
999 _c805685
_d805685